La contadora de películas / (Registro nro. 32293)
[ vista simple ]
| 000 -CABECERA | |
|---|---|
| campo fijo de control de longitud | 00637nam a2200217 4500 |
| 001 - NÚMERO DE CONTROL | |
| campo de control | 32293 |
| 003 - IDENTIFICADOR DEL NÚMERO DE CONTROL | |
| campo de control | AR-RoBPED |
| 005 - FECHA Y HORADE LA ULTIMA TRANSACCION | |
| campo de control | 20251126154831.0 |
| 008 - ELEMENTOS DE LONGITUD FIJA--INFORMACION GENERAL | |
| campo fijo de control de longitud | 251120s2009 es ||||er|||| 000 1 spa d |
| 020 ## - ISBN | |
| ISBN | 9788420423593 |
| 040 ## - FUENTE CATALOGADORA | |
| Centro catalogador/agencia de origen | AR-RoBPED |
| 041 ## - IDIOMA | |
| Código de idioma para texto/pista de sonido o título independiente | spa |
| 100 1# - ENCABEZAMIENTO PRINCIPAL--AUTOR PERSONAL | |
| Nombre de persona | Rivera Letelier, Hernán |
| Fechas nac-muerte | 1950- |
| 9 (RLIN) | 27818 |
| 245 13 - TITULO | |
| Título | La contadora de películas / |
| Mención de responsabilidad | Hernán Rivera Letelier. |
| 260 ## - PUBLICACION | |
| Lugar | España : |
| Editor | Alfaguara, |
| Fecha | 2009. |
| 300 ## - DESCRIPCION FISICA | |
| Extensión | 127 p. |
| 650 #4 - TERMINO DE MATERIA--CONTROLADO | |
| Término controlado | LITERATURA CHILENA |
| 9 (RLIN) | 297 |
| Término controlado | NOVELAS |
| 9 (RLIN) | 25 |
| 942 ## - ELEMENTOS KOHA | |
| Fuente de clasificación | Universal Decimal Classification |
| Número Koha | k. 32293 |
| Koha tipo de ítem | Libro |
| Clasificación | 860(83)-31 |
| Signatura librística | RL 68c |
| Inventario | inv. 41872 |
| 945 ## - PROCESAMIENTO DE LA INFORMACIÓN LOCAL | |
| Catalogador y fecha | mm 20/11/2025 - cd 26/11/2025 |
| Estado retirado | Estado perdido | Fuente de clasificación | Estado dañado | No se presta | Biblioteca propietaria | Biblioteca de reserva | Fecha de adquisición | Procedencia | Total de préstamos | Signatura topográfica completa | Código de barras (nº de inventario) | Fecha visto por última vez | Fecha del último préstamo | Catalogador y fecha | Tipo de ítem Koha | Nota pública |
|---|---|---|---|---|---|---|---|---|---|---|---|---|---|---|---|---|
| Universal Decimal Classification | Biblioteca Pedagógica Eudoro Díaz | Biblioteca Pedagógica Eudoro Díaz | 10/06/2025 | Donación | 2 | 860(83)-31 RL 68 c | 41872 | 29/12/2025 | 26/12/2025 | mm 20/11/2025 | Libro | Se presta 15 días. |